Rue d'aboukir / (Record no. 52526)
[ view plain ]
| 000 -CABECERA | |
|---|---|
| campo de control de longitud fija | 00562nam a2200193 a 4500 |
| 005 - FECHA Y HORA DE LA ÚLTIMA TRANSACCIÓN | |
| campo de control | 20240501063701.0 |
| 008 - ELEMENTOS DE LONGITUD FIJA--INFORMACIÓN GENERAL | |
| campo de control de longitud fija | 991125s1972 bar 000 0 fre u |
| 035 ## - NÚMERO DE CONTROL DEL SISTEMA | |
| Número de control de sistema | UPN01000052526 |
| 049 ## - COLECCIÓN | |
| Colección | CG |
| 050 #4 - SIGNATURA TOPOGRÁFICA DE LA BIBLIOTECA DEL CONGRESO | |
| Número de clasificación | PQ2623 A52 |
| Número de documento/Ítem | R88 |
| 100 1# - ASIENTO PRINCIPAL--NOMBRE PERSONAL | |
| Nombre de persona | Lange, Monique, |
| Fechas asociadas al nombre | 1926- |
| 245 10 - MENCIÓN DE TÍTULO | |
| Título | Rue d'aboukir / |
| Mención de responsabilidad, etc. | Monique Lange ; tr. Ana Inés Bonnin |
| 260 ## - PUBLICACIÓN, DISTRIBUCIÓN, ETC. | |
| Lugar de publicación, distribución, etc. | Barcelona (Esp.) : |
| Nombre del editor, distribuidor, etc. | Seix Barral, |
| Fecha de publicación, distribución, etc. | 1972 |
| 300 ## - DESCRIPCIÓN FÍSICA | |
| Extensión | 159 p |
| 440 #0 - MENCIÓN DE SERIE/ASIENTO SECUNDARIO--TÍTULO | |
| Título | Biblioteca breve de bolsillo440Libros de enlace; |
| Designación de volumen o secuencia | 114 |
| 650 #4 - ASIENTO SECUNDARIO DE MATERIA - TERMINO TEMATICO | |
| Término de materia o nombre geográfico como elemento de entrada | Novela francesa |
| 9 (RLIN) | 8238 |
| 904 ## - ELEMENTOS DE DATOS D LOCAL, LDD (RLIN) | |
| a | AC |
| b | 052528 |
| 905 ## - TIPO DE MATERIAL | |
| Tipo de material | Libro |
| Estado de retiro | Estado de pérdida | Fuente del sistema de clasificación o colocación | Estado dañado | No para préstamo | Código de colección | Localización permanente | Ubicación/localización actual | Ubicación en estantería | Enumeración/cronología de publicación seriada | Total de préstamos | Clasificación | Código de barras | Fecha visto por última vez | Número de copia | Tipo de ítem Koha |
|---|---|---|---|---|---|---|---|---|---|---|---|---|---|---|---|
| Library of Congress Classification | Colección General | Bib. Gregorio Torres Quintero | Bib. Gregorio Torres Quintero | Planta baja | - | PQ2623 A52 R88 | 45698 | 31/12/2020 | 1 | Libro | |||||
| Library of Congress Classification | En restauración | Colección General | Bib. Gregorio Torres Quintero | Bib. Gregorio Torres Quintero | Planta baja | - | PQ2623 A52 R88 | 45699 | 31/12/2020 | 1 | Libro | ||||
| Library of Congress Classification | En restauración | Colección General | Bib. Gregorio Torres Quintero | Bib. Gregorio Torres Quintero | Planta baja | - | PQ2623 A52 R88 | 45700 | 31/12/2020 | 1 | Libro |
